书目信息 |
| 题名: |
家畜解剖图谱
|
|
| 作者: | ;西北农学院 编绘 | |
| 分册: | ||
| 出版信息: | 西安 陕西人民出版社 1973 |
|
| 页数: | 149页 | |
| 开本: | 19×26cm | |
| 丛书名: | ||
| 单 册: | ||
| 中图分类: | S852.1-64 | |
| 科图分类: | ||
| 主题词: | 家畜--动物解剖学--图谱 | |
| 电子资源: | ||
| ISBN: | 16094.15 | |
| 000 | 00702cam0 2200241 450 | |
| 001 | 0105512538 | |
| 005 | 20080123134258.0 | |
| 010 | @a16094.15@dCNY3.5 | |
| 091 | @a16094.15@dCNY2.20 | |
| 100 | @a19970401d1973 em y0chiy0110 ea | |
| 101 | 0 | @achi |
| 102 | @aCN@b610000 | |
| 105 | @aa z 000yy | |
| 106 | @ar | |
| 200 | 1 | @a家畜解剖图谱@9Jia;Jie Xu;Chu Jie;Xie Pou Tu Pu @f西北农学院等编绘@b专著 |
| 210 | @a西安@c陕西人民出版社@d1973 | |
| 215 | @a149页@d19×26cm | |
| 606 | 0 | @a家畜@x动物解剖学@x图谱 |
| 690 | @aS852.1-64@v3 | |
| 711 | 02 | @a西北农学院@9xi bei nong xue yuan@4编绘 |
| 801 | 0 | @aCN@b广东省中山图书馆@c19970401 |
| 801 | 2 | @aCN@bAiZhiMarc |
| 905 | @aBZT@dS852.1@e49@f5@sS852.1/49 | |
| 家畜解剖图谱/西北农学院等编绘.-西安:陕西人民出版社,1973 |
| 149页;19×26cm |
| ISBN 16094.15:CNY3.5 |
| ● |
| 相关链接 |
|
|
|
正题名:家畜解剖图谱
索取号:S852.1/49
 
预约/预借
| 序号 | 登录号 | 条形码 | 馆藏地/架位号 | 状态 | 备注 |
| 1 | 2000114845 | 2000114845 | 旧书回溯/ [索取号:S852.1/49] | 在馆 | |
| 2 | 2000114846 | 2000114846 | 旧书回溯/ [索取号:S852.1/49] | 在馆 | |
| 3 | 2000114847 | 2000114847 | 旧书回溯/ [索取号:S852.1/49] | 在馆 | |
| 4 | 2000114848 | 2000114848 | 旧书回溯/ [索取号:S852.1/49] | 在馆 | |
| 5 | 2000114849 | 2000114849 | 旧书回溯/ [索取号:S852.1/49] | 在馆 |